Statistics for Countries with a youtuber who has more that 1 million subscribers

Click here to take the quiz!

General Stats

  • This quiz has been taken 49 times
  • The average score is 55 of 74

Answer Stats

Subscribers (millions)Biggest YoutuberCountry% Correct
26TaylorSwiftVEVOUnited States
98%
57PewDiePieSweden
94%
32JustinBieberVEVOCanada
92%
1Hunan TelevisionChina
92%
22OneDirectionVEVOUnited Kingdom
92%
27T-SeriesIndia
90%
26elrubiusOMGSpain
90%
19YuyaMexico
90%
3SA WardegaPoland
90%
5はじめしゃちょー (hajime)Japan
88%
9HowToBasicAustralia
88%
24whinderssonnunesBrazil
88%
17jacksepticeyeIreland
88%
14David GuettaFrance
88%
11Clash of ClansFinland
85%
11SMTOWNSouth Korea
85%
13Get MoviesRussia
85%
5freekickerzGermany
85%
2AlbernamegEgypt
83%
4SirKazzioPortugal
83%
7Caspar LeeSouth Africa
83%
3ShaaanxoNew Zealand
83%
5Rotana RecordsSaudi Arabia
83%
17shakiraVEVOColombia
81%
3LEGODenmark
81%
9El Reino InfantilArgentina
81%
7netd müzikTurkey
81%
6Red BullAustria
81%
1Typhoon CinemaSwitzerland
79%
4MBC GROUPUnited Arab Emirates
79%
9Alan WalkerNorway
79%
7MarziaItaly
79%
32HolaSoyGermanChile
77%
3TuTiTuTVIsrael
77%
2Raditya DikaIndonesia
75%
2Coke StudioPakistan
75%
1MarkAngelComedyNigeria
75%
2ViralBrothersCzech Republic
75%
4whatdafaqshowPeru
75%
18Spinnin' RecordsNetherlands
75%
6TomorrowlandBelgium
75%
1Music NepalNepal
73%
25RihannaVEVOBarbados
73%
1Oum WalidAlgeria
73%
10WorkpointThailand
73%
11Dross RotzankVenezuela
73%
3الرماس ميوزكIraq
73%
15enchufetvEcuador
71%
12EeOneGuyUkraine
69%
3Pops MusicVietnam
67%
1Windy GirkTVPanama
67%
1Al Jazeera Arabic قناة الجزيرةQatar
67%
1IDJVideos.TVSerbia
67%
1Bodil40Bulgaria
67%
3Cat MusicRomania
67%
1LonrotCosta Rica
65%
1Les' Copaque ProductionMalaysia
65%
3Saad LamjarredMorocco
65%
1GoGoManTVSlovakia
65%
1Swar ShuaibKuwait
63%
2TGOP這群人Taiwan
63%
1ClicknetworkSingapore
60%
22CELLOSCroatia
60%
6ABS-CBN EntertainmentPhilippines
60%
3dosogasUruguay
58%
3TrapMusicHDTVLatvia
56%
1Tiger ProductionsSlovenia
56%
2tellblog.netBelarus
54%
1El Show de Carlos DuránDominican Republic
54%
24FernanflooEl Salvador
54%
1SaspensKazakhstan
54%
1ElissaLebanon
50%
1JavierNathanielJamaica
50%
5toyoraljanahtvJordan
50%

Score Distribution

Percentile by Number Answered

Percent of People with Each Score

Your Score History

You have not taken this quiz